Design of equilibrium stage processes (Record no. 13251)

000 -LEADER
fixed length control field 00589nam a22002171 4500
001 - CONTROL NUMBER
control field 13251
003 - CONTROL NUMBER IDENTIFIER
control field BD-DhUET
008 - FIXED-LENGTH DATA ELEMENTS--GENERAL INFORMATION
fixed length control field 740517s1963 nyua b 000 0 eng
020 ## - INTERNATIONAL STANDARD BOOK NUMBER
International Standard Book Number 070586373
040 ## - CATALOGING SOURCE
Original cataloging agency DLC
Transcribing agency OAkU
Modifying agency BD-DhUET
082 ## - DEWEY DECIMAL CLASSIFICATION NUMBER
Classification number 660.28422
Item number SMI/1963
100 1# - MAIN ENTRY--PERSONAL NAME
Personal name Smith, Buford D.
245 10 - TITLE STATEMENT
Title Design of equilibrium stage processes
250 ## - EDITION STATEMENT
Edition statement 1st ed.
260 ## - PUBLICATION, DISTRIBUTION, ETC. (IMPRINT)
Place of publication, distribution, etc. New York
Name of publisher, distributor, etc. McGraw-Hill
Date of publication, distribution, etc. 1963
300 ## - PHYSICAL DESCRIPTION
Extent 647 p.
Other physical details ill.
Dimensions 24 cm.
490 ## - SERIES STATEMENT
Series statement McGraw-Hill chemical engineering series
504 ## - BIBLIOGRAPHY, ETC. NOTE
Bibliography, etc Includes bibliographies
650 #0 - SUBJECT ADDED ENTRY--TOPICAL TERM
Topical term or geographic name as entry element Chemical equilibrium
942 ## - ADDED ENTRY ELEMENTS (KOHA)
Koha item type General Book
Holdings
Koha date last seen Source of classification or shelving scheme Withdrawn status Price effective from Piece designation (barcode) Sublocation or collection (holding branch) Lost status Date acquired Location (home branch) Not for loan Koha full call number Koha normalized classification for sorting Copy number Koha item type Damaged status Shelving location
2015-03-02  2015-03-0234954Central Library, BUET 2015-03-02Central Library, BUET 660.28422/SMI/1963660_284220000000000_SMI_19631General Book Circulation section
2015-03-03  2015-03-0329845Central Library, BUET 2015-03-03Central Library, BUET 660.28422/SMI/1963660_284220000000000_SMI_19632General Book Circulation section
2015-03-03  2015-03-0329841Central Library, BUET 2015-03-03Central Library, BUET 660.28422/SMI/1963660_284220000000000_SMI_19633General Book Circulation section
2015-03-03  2015-03-0329847Central Library, BUET 2015-03-03Central Library, BUET 660.28422/SMI/1963660_284220000000000_SMI_19634General Book Circulation section
2015-03-03  2015-03-0329853Central Library, BUET 2015-03-03Central Library, BUET 660.28422/SMI/1963660_284220000000000_SMI_19635General Book Circulation section
2015-03-03  2015-03-0329843Central Library, BUET 2015-03-03Central Library, BUET 660.28422/SMI/1963660_284220000000000_SMI_19636General Book Circulation section
2015-03-03  2015-03-0329844Central Library, BUET 2015-03-03Central Library, BUET 660.28422/SMI/1963660_284220000000000_SMI_19637General Book Circulation section
2015-03-03  2015-03-0329840Central Library, BUET 2015-03-03Central Library, BUET 660.28422/SMI/1963660_284220000000000_SMI_19638General Book Circulation section
2015-03-03  2015-03-0334955Central Library, BUET 2015-03-03Central Library, BUET 660.28422/SMI/1963660_284220000000000_SMI_19639General Book Circulation section
2015-05-11  2015-05-1111477Central Library, BUET 2015-05-11Central Library, BUET 660.28422/SMI/1963660_284220000000000_SMI_196310General Book Circulation section
2015-05-11  2015-05-1129846Central Library, BUET 2015-05-11Central Library, BUET 660.28422/SMI/1963660_284220000000000_SMI_196311General Book Circulation section
2015-05-11  2015-05-1134953Central Library, BUET 2015-05-11Central Library, BUET 660.28422/SMI/1963660_284220000000000_SMI_196312General Book Circulation section
2015-05-11  2015-05-1118836Central Library, BUET 2015-05-11Central Library, BUET 660.28422/SMI/1963660_284220000000000_SMI_196313General Book Circulation section
2015-05-11  2015-05-1129854Central Library, BUET 2015-05-11Central Library, BUET 660.28422/SMI/1963660_284220000000000_SMI_196314General Book Circulation section
2015-05-11  2015-05-1129856Central Library, BUET 2015-05-11Central Library, BUET 660.28422/SMI/1963660_284220000000000_SMI_196315General Book Circulation section
2015-05-19  2015-05-1929848Central Library, BUET 2015-05-19Central Library, BUET 660.28422/SMI/1963660_284220000000000_SMI_196316General Book Circulation section
2015-06-18  2015-06-186449Central Library, BUET 2015-06-18Central Library, BUET 660.28422/SMI/1963660_284220000000000_SMI_196317Reading Item Reading section